Guess the Lyrics - Musical Theatre - Statistics

General Stats
  • This quiz has been taken 131 times
  • The average score is 96 of 227
Answer Stats
Answer % Correct
I
96%
a
91%
the
85%
me
72%
you
72%
he
71%
be
63%
who
63%
Who
63%
do
62%
to
60%
am
58%
and
58%
it
54%
on
54%
she
54%
go
52%
is
49%
her
46%
where
45%
in
41%
will
40%
for
39%
win
39%
that
37%
are
35%
how
35%
why
35%
I'm
33%
this
33%
not
31%
would
30%
all
29%
of
29%
see
29%
here
28%
think
28%
now
26%
have
25%
him
23%
could
21%
end
21%
let
21%
but
20%
dark
20%
way
20%
night
19%
it's
17%
Orpheus
17%
alone
16%
road
16%
world
16%
before
15%
right
15%
cold
14%
into
14%
wind
14%
again
13%
follow
13%
going
13%
spring
13%
just
12%
make
12%
comes
11%
leave
11%
been
10%
Eurydice
10%
behind
9%
walking
9%
being
7%
doubt
7%
listening
7%
year
7%
against
6%
along
6%
blowing
6%
changing
6%
coldest
6%
darkest
6%
meets
6%
stranger
6%
that's
6%
trick
6%
wouldn't
6%
played
5%
trap
5%
used
5%
hour
4%
laid
4%
decieve
3%
No matching quizzes found
Score Distribution
Percent of People with Each Score
Percentile by Number Answered
Your Score History
You have not taken this quiz